00583nam a2200181Ia 450000500170000000800410001702000180005804000180007604100080009408200210010210000210012324500650014425000120020926000660022130000260028765000530031365000350036620220309114533.0210716s2007 xx 000 0 und d a9780070620209 cAIMIT LIBRARY aeng a658.87 22bPRAS aPradhan, Swapna. aRetailing management :btext and cases /cBy Swapna Pradhan. a2nd ed. aNew Delhi :bTata McGraw Hill Publishing Company Ltd ,c2007. aXxiv, 483p. ;c24 cm. aRetail models and theories of retail development aBasics of retail merchandising